| 000 | 01413cam a2200217 4500 | ||
|---|---|---|---|
| 001 | L127347 | ||
| 008 | 040913n2004 000 0 eng u | ||
| 020 | _a140511861X | ||
| 035 | _a(Sirsi) u127347 | ||
| 041 | _aeng | ||
| 050 |
_a711.1 _c18 |
||
| 100 | _aEvans, Alan W. | ||
| 245 | _aEconomics and land use planning | ||
| 260 |
_aOxford _bBlackwells _c2004 |
||
| 300 |
_axii, 209p. _c25cm. |
||
| 350 | _a37.50 | ||
| 490 | _aBlackwell Real Estate Issues | ||
| 520 | _aProvides an analysis of the economics of land use planning and the relationship between economics and planning; drawing together the economics literature on planning and setting it out systematically. Over the past 20 years the economic analysis of land use planning has used positive economics to examine the unintended effects of planning and the way economic forces have affected planning. Covers: the justification for intervention; evaluation and planning; controlling the density of development; zoning and conservatism; green belts; growth controls and urban growth boundaries; and planning and the land market. Also examines profits, planning gain, premium seeking and taxation, impact fees, economics consequences of higher land values, planning constraints, planning methods and concludes with a chapter on politics, public choice and political economy. References. | ||
| 690 |
_aPlanning and development _96259 |
||
| 942 | _n0 | ||
| 999 |
_c103746 _d103746 |
||